| 000 | 00458nam a2200145Ia 4500 | ||
|---|---|---|---|
| 008 | 220214s9999 xx 000 0 und d | ||
| 022 | _a1391-0051 | ||
| 245 | 0 | _aRRIC BULLETIN | |
| 246 | _a1. RRISL Bulletin 2. Bulletin of the Rubber Research Institute of Sri Lanka | ||
| 260 |
_bRubber Research Institute of Ceylon, Agalawatta _aCeylon |
||
| 310 | _aIr | ||
| 500 | _aEnding Volume & Year: 7, 1972 | ||
| 500 | _aStarting Volume & Year: 1, 1966 | ||
| 942 | _cBJ | ||
| 999 |
_c3601 _d3601 |
||